000 01176nam a22003497a 4500
003 CHAP
005 20220329133647.0
008 971013s1987 r 00010 d
010 _a9151
011 _a10123
035 _a9360
040 _cCHAP
082 _a635.03
_bS65
245 _aSpanish-english horticultural dictionary
_b: with english-spanish index
260 _aSlough :
_bC.A.B. International,
_c1987
300 _a148 p
490 _aTechnical communication
_v; 36
590 _aBATCH-UPD
_b10
_c20130110
_lUCH01
_h0148
590 _aBATCH-UPD
_b10
_c20130110
_lUCH01
_h2136
590 _aBATCH-UPD
_b10
_c20130409
_lUCH01
_h2148
590 _aBATCH-UPD
_b10
_c20130914
_lUCH01
_h1018
590 _aCONVERSION
_b10
_c20130109
_lUCH01
_h1306
650 1 4 _aHorticultura
_xDiccionarios.
_956322
700 0 _aBourke, D. O'D.
_914782
700 0 _aFanjul Peña, Luis.
_939420
700 0 _aRendell-Dunn, A. J.
_995904
710 0 _aCommonwealth Bureau of Horticulture and Plantation Crops.
_925977
830 0 _aTechnical communication
_v; 36
_9111884
901 _aBK
942 _cLIBRO
949 _a635.03 S65
_bBC
_cC
_d33724000645461
_eC
_gI. c/e
_h85596
_i9360
_si
_t87.92
999 _c9151
_d9151